| 000 | 00335pam a2200145 a 4500 | ||
|---|---|---|---|
| 020 | _c | ||
| 041 | _aeng | ||
| 082 | _bJOU | ||
| 100 |
_aJoule JA , _eMills K. |
||
| 245 |
_aHeterocyclic Chemistry _hTextual Documents |
||
| 250 | _a2010. | ||
| 260 |
_aNew Delhi : _bJohn Wiley And LPublication . |
||
| 300 | _a689 pg . | ||
| 930 | _a9264 | ||
| 999 |
_c86169 _d86169 |
||